Historia mundial del estado / (Registro nro. 5105)
[ vista simple ]
| 000 -LEADER | |
|---|---|
| fixed length control field | 01492nam a2200337Ia 4500 |
| 003 - CONTROL NUMBER IDENTIFIER | |
| control field | OSt |
| 005 - DATE AND TIME OF LATEST TRANSACTION | |
| control field | 20200326162518.0 |
| 008 - FIXED-LENGTH DATA ELEMENTS--GENERAL INFORMATION | |
| fixed length control field | 191128m20132014ck abo gr 001 0dspa d |
| 020 ## - INTERNATIONAL STANDARD BOOK NUMBER | |
| International Standard Book Number | 9789583509216 |
| 020 ## - INTERNATIONAL STANDARD BOOK NUMBER | |
| International Standard Book Number | 9789583509728 |
| Qualifying information | V.2 |
| 020 ## - INTERNATIONAL STANDARD BOOK NUMBER | |
| International Standard Book Number | 9789583509971 |
| Qualifying information | V.3 |
| 020 ## - INTERNATIONAL STANDARD BOOK NUMBER | |
| International Standard Book Number | 9789587711318 |
| Qualifying information | V.4 |
| 040 ## - CATALOGING SOURCE | |
| Original cataloging agency | CO-JMCR |
| Transcribing agency | CO-JMCR |
| 041 0# - LANGUAGE CODE | |
| Language code of text/sound track or separate title | spa |
| 082 04 - DEWEY DECIMAL CLASSIFICATION NUMBER | |
| Classification number | 320.1 / |
| Item number | M176h |
| Edition number | 21 |
| 100 1# - MAIN ENTRY--PERSONAL NAME | |
| Personal name | Marquardt, Bernd, |
| Relator term | autor |
| 9 (RLIN) | 357 |
| 245 10 - TITLE STATEMENT | |
| Title | Historia mundial del estado / |
| Statement of responsibility, etc. | Bernd Marquardt |
| 250 ## - EDITION STATEMENT | |
| Edition statement | Primera edición |
| 260 ## - PUBLICATION, DISTRIBUTION, ETC. | |
| Place of publication, distribution, etc. | Bogotá : |
| Name of publisher, distributor, etc. | Universidad Nacional de Colombia, |
| Date of publication, distribution, etc. | 2013 |
| 300 ## - PHYSICAL DESCRIPTION | |
| Extent | 4 v. : |
| Other physical details | ilustraciones, fotografías, mapas a color y a blanco y negro ; |
| Dimensions | 24 cm. |
| 490 0# - SERIES STATEMENT | |
| Series statement | Ciencias políticas. Derecho |
| 500 ## - GENERAL NOTE | |
| General note | Incluye datos biográficos del autor. |
| 504 ## - BIBLIOGRAPHY, ETC. NOTE | |
| Bibliography, etc. note | Bibliografía al final de cada tomo. |
| 505 2# - FORMATTED CONTENTS NOTE | |
| Title | V. 2. El estado judicial de la paz interna en Europa (siglos XVI-XVIII) |
| -- | V. 3. El estado de la modernidad temprana en Asia, África y las Américas |
| -- | V. 4. El estado de la doble revolución ilustrada e industrial (1776-2014): teoría de la gran transformación al estado constitucional democrático social y ambiental |
| 650 14 - SUBJECT ADDED ENTRY--TOPICAL TERM | |
| Topical term or geographic name entry element | Leyes |
| General subdivision | historia |
| Geographic subdivision | Europa |
| Chronological subdivision | Siglos XVI-XX |
| 9 (RLIN) | 358 |
| 650 14 - SUBJECT ADDED ENTRY--TOPICAL TERM | |
| Topical term or geographic name entry element | Derecho |
| General subdivision | historia |
| Geographic subdivision | Europa |
| Chronological subdivision | Siglos XVI-XX |
| 9 (RLIN) | 359 |
| 650 24 - SUBJECT ADDED ENTRY--TOPICAL TERM | |
| Topical term or geographic name entry element | Teoría del Estado |
| Geographic subdivision | Europa |
| Chronological subdivision | Siglos XVI-XX |
| 9 (RLIN) | 360 |
| 650 24 - SUBJECT ADDED ENTRY--TOPICAL TERM | |
| Topical term or geographic name entry element | Europa |
| General subdivision | historia |
| Chronological subdivision | Siglos XVI-XX |
| 9 (RLIN) | 361 |
| 650 24 - SUBJECT ADDED ENTRY--TOPICAL TERM | |
| Topical term or geographic name entry element | Europa |
| General subdivision | política y gobierno |
| 9 (RLIN) | 362 |
| 942 ## - ADDED ENTRY ELEMENTS (KOHA) | |
| Source of classification or shelving scheme | Dewey Decimal Classification |
| Koha item type | Books |
| Withdrawn status | Lost status | Source of classification or shelving scheme | Materials specified (bound volume or other part) | Damaged status | Not for loan | Collection code | Home library | Current library | Date acquired | Source of acquisition | Cost, normal purchase price | Total Checkouts | Full call number | Barcode | Date last seen | Date last checked out | Copy number | Koha item type | Total Renewals | Price effective from |
|---|---|---|---|---|---|---|---|---|---|---|---|---|---|---|---|---|---|---|---|---|
| Dewey Decimal Classification | Donación--15/04/2018-- | Non-fiction | Biblioteca Pública José María del Castillo y Rada | Biblioteca Pública José María del Castillo y Rada | 11/28/2019 | Donación | 0.00 | 1 | 320.1 / M176h | 430001311 | 08/29/2024 | 08/28/2024 | V.2 / Ej.1 | Books | ||||||
| Dewey Decimal Classification | Non-fiction | Biblioteca Pública José María del Castillo y Rada | Biblioteca Pública José María del Castillo y Rada | 02/10/2020 | Donación | 0.00 | 2 | 320.1 / M176h | 430001312 | 09/19/2024 | 09/13/2024 | V.3 / Ej.1 | Books | 1 | 02/10/2020 | |||||
| Dewey Decimal Classification | Non-fiction | Biblioteca Pública José María del Castillo y Rada | Biblioteca Pública José María del Castillo y Rada | 02/10/2020 | Donación | 0.00 | 1 | 320.1 / M176h | 201809834 | 08/29/2024 | 08/28/2024 | V.4 / Ej.1 | Books | 02/10/2020 |